| 000 | 01899nam0a2200349 4500 | ||
|---|---|---|---|
| 001 | RU\NLR\bibl\576548 | ||
| 005 | 20260406153319.0 | ||
| 010 |
_a5-98032-572-7 _95000 |
||
| 021 |
_aRU _b2004-27800 _91400 |
||
| 035 | _a(NLR Aleph) 000568588 | ||
| 090 |
_a1577962 _c1577962 |
||
| 100 | _a20041123d2004 |||y0rusy50 ca | ||
| 101 | 0 | _arus | |
| 102 | _aRU | ||
| 105 | _ay ||||||||| | ||
| 200 | 1 |
_aУголовно-процессуальный кодекс Российской Федерации _eКоммент., постатейн. материалы, судеб. и адвокат. практика, образцы документов _fЕ.П. Данилов _gМеждунар. союз (содружество) адвокатов |
|
| 205 | _a2-е изд., перераб. и доп. | ||
| 210 |
_aМ. _cПроспект _cВелби _d2004 |
||
| 215 |
_a894 с. _d22 |
||
| 225 | 1 | _aСправочник адвоката | |
| 320 | _aУказ. судеб. практики за 1993-2003 гг.: с. 843-860 | ||
| 604 |
_171001$aРоссийская Федерация _1500##$3RU\NLR\AUTH\661293027$aУголовно-процессуальный кодекс$jКомментарии$2nlr_sh2 _aРоссийская Федерация _tУголовно-процессуальный кодекс _jКомментарии _92146253 _3RU\NLR\AUTH\661293027 |
||
| 606 | 0 |
_aУголовно-процессуальный кодекс _jКомментарии _yРоссийская Федерация _92078726 _3RU\NLR\AUTH\661254590 |
|
| 686 | 1 | _aХ629.3-324.9(2Р) | |
| 700 | 1 |
_4070 _8rus _7ca _aДанилов _bЕ. П. _cюрист _f1946- _gЕвгений Петрович _3RU\NLR\auth\776305 _9116259 |
|
| 801 | 0 |
_aRU _bNLR _c20041123 _gPSBO |
|
| 801 | 1 |
_aRU _bNLR _c20041123 |
|
| 830 | _aАвт. по кн. | ||
| 942 | _cBOOK | ||
| 980 | _aNB | ||